| 000 | 00000nam 2200000za 4500 |
| 001 | 9.644088 |
| 003 | CaOODSP |
| 005 | 20230817092407 |
| 007 | cr ||||||||||| |
| 008 | 150407|2014||||xxc|||||o f|0| 0 fre d |
| 020 | |a978-0-660-23094-8 |
| 040 | |aCaOODSP|bfre |
| 043 | |an-cn--- |
| 086 | 1 |aTT4-4/2014F-PDF |
| 110 | 2 |aOffice des transports du Canada. |
| 245 | 10|aL'élimination des entraves à la communication avec les voyageurs ayant une déficience : |h[ressource électronique]|bcode de pratiques |
| 260 | |aOttawa - Ontario : |bOffice des transports du Canada |cDécembre 2014. |
| 300 | |a30p. |
| 590 | |a15-11|b2015-03-13 |
| 691 | 07|aAccessibilité (pour personne handicapée)|2gcpds |
| 691 | 07|aTransport accessible|2gcpds |
| 775 | 08|tRemoving communication barriers for travellers with disabilities : |w(CaOODSP)9.700178 |
| 795 | |tCode de pratiques - l'élimination des entraves à la communication avec les voyageurs ayant une déficience |w(CaOODSP)9.631418 |
| 856 | 40|ahttp://publications.gc.ca|qPDF|s353 Ko|uhttps://publications.gc.ca/collections/collection_2015/otc-cta/TT4-4-2014-fra.pdf |